50 Famous Actresses by Movie 3.0 - Statistics

General Stats
  • This quiz has been taken 93 times
  • The average score is 15 of 50
Answer Stats
Movie Year Actress % Correct
Misery 1990 Kathy Bates
82%
When Harry Met Sally 1989 Meg Ryan
75%
Private Benjamin 1980 Goldie Hawn
68%
Sense and Sensibility 1995 Emma Thompson
66%
Beaches 1988 Bette Midler
64%
The Blue Lagoon 1980 Brooke Shields
64%
Driving Miss Daisy 1989 Jessica Tandy
63%
Terminator 2: Judgment Day 1991 Linda Hamilton
60%
Armageddon 1998 Liv Tyler
56%
Bad Moms 2016 Mila Kunis
56%
Double Jeopardy 1999 Ashley Judd
49%
Cruel Intentions 1999 Sarah Michelle Gellar
48%
The King's Speech 2010 Helena Bonham Carter
45%
The Batman 2022 Zoë Kravitz
45%
Zero Dark Thirty 2012 Jessica Chastain
42%
War of the Worlds 2005 Dakota Fanning
38%
The English Patient 1996 Juliette Binoche
38%
Underworld 2003 Kate Beckinsale
38%
WarGames 1983 Ally Sheedy
32%
Broadcast News 1987 Holly Hunter
29%
Juno 2007 Jennifer Garner
27%
Melancholia 2011 Kirsten Dunst
26%
Starship Troopers 1997 Denise Richards
25%
Rogue One 2016 Felicity Jones
25%
Us 2019 Lupita Nyong'o
25%
Ex Machina 2014 Alicia Vikander
23%
The White Tiger 2021 Priyanka Chopra
23%
The Wife 2017 Glenn Close
22%
The Omen 1976 Lee Remick
21%
The Girl with the Dragon Tattoo 2009 Noomi Rapace
21%
The Last Picture Show 1971 Cybill Shepherd
19%
Memento 2000 Carrie-Anne Moss
18%
Curse of the Golden Flower 2006 Gong Li
18%
Gone Baby Gone 2007 Michelle Monaghan
18%
Candyman 1992 Virginia Madsen
18%
The Illusionist 2006 Jessica Biel
15%
Gladiator 2000 Connie Nielsen
14%
S.W.A.T. 2003 Michelle Rodriguez
14%
Away from Her 2006 Julie Christie
12%
Watchmen 2009 Carla Gugino
10%
Rent 2005 Rosario Dawson
10%
A Lot Like Love 2005 Amanda Peet
8%
Belfast 2021 Caitríona Balfe
8%
Dancer in the Dark 2000 Catherine Deneuve
8%
Office Christmas Party 2016 Olivia Munn
8%
Meet Monica Velour 2010 Kim Cattrall
7%
Love and Other Impossible Pursuits 2009 Lisa Kudrow
7%
Boiler Room 2000 Nia Long
7%
Eden 2012 Jamie Chung
5%
Pacific Rim 2013 Rinko Kikuchi
5%
No matching quizzes found
Score Distribution
Percent of People with Each Score
Percentile by Number Answered
Your Score History
You have not taken this quiz